UBT Library

A fresh look at writing / (Record no. 42849)

000 -LEADER
fixed length control field 00704pam a2200229 a 4500
001 - CONTROL NUMBER
control field 652896
005 - DATE AND TIME OF LATEST TRANSACTION
control field 20180216094221.0
008 - FIXED-LENGTH DATA ELEMENTS--GENERAL INFORMATION
fixed length control field 940624s1994 nhua b 001 0 eng
010 ## - LIBRARY OF CONGRESS CONTROL NUMBER
LC control number 94022478
020 ## - INTERNATIONAL STANDARD BOOK NUMBER
International Standard Book Number 0435088246 (alk. paper)
040 ## - CATALOGING SOURCE
Original cataloging agency DLC
Transcribing agency DLC
Modifying agency DLC
041 ## - LANGUAGE CODE
Language code of text/sound track or separate title eng
080 ## - UNIVERSAL DECIMAL CLASSIFICATION NUMBER
Universal Decimal Classification number 372.623044 GRA
082 00 - DEWEY DECIMAL CLASSIFICATION NUMBER
Classification number 372.623044 GRA
Edition number 20
100 1# - Rafti
Rafti 47
101 ## - Shkurtesa
Shkurtesa EDU
245 12 - TITLE STATEMENT
Title A fresh look at writing /
Statement of responsibility, etc Donald H. Graves.
504 ## - BIBLIOGRAPHY, ETC. NOTE
Bibliography, etc Includes bibliographical references (p. 385-387) and index.
906 ## - LOCAL DATA ELEMENT F, LDF (RLIN)
a 7
b cbc
c orignew
d 1
e ocip
f 19
g y-gencatlg
942 ## - ADDED ENTRY ELEMENTS (KOHA)
Source of classification or shelving scheme
Item type Books
Holdings
Withdrawn status Lost status Source of classification or shelving scheme Damaged status Not for loan Collection code Permanent location Current location Shelving location Date acquired Total Checkouts Full call number Barcode Date last seen Price effective from Koha item type
          Koleksioni i përgjithshem UBT - Lipjan UBT - Lipjan Koleksioni i përgjithshem 02/16/2018   372.623044 GRA 002-2998397 02/16/2018 02/16/2018 Books
UBT Library © 2015-2024. All rights reserved University Education for Business and Technology